000 00987nam2a22002531 4500
001 2569830
005 20250622224030.0
021 _aRU
_b79-25138ж
035 _a(NLR Aleph) 006453830
090 _a5765898
_c5765898
100 _a20110316d1977 |||y0rusy50 ca
101 0 _arus
102 _aRU
105 _ay z |||||
200 0 _aВып. 3
_fРедкол.: Назаров Р. (отв. ред.) и др.
210 _d1977
_aБ. м.
215 _a115 с.
461 0 _10012569827
_12001#$aВопросы лингвистики и методики преподавания иностранных языков$f[Ред. коллегия: Казакбаев К. (отв. ред.) [и др.]. Вып. 1-$gМ-во нар. образования ТССР. Туркм. гос. ун-т им. А.М. Горького$vВып. 3
702 1 _aНазаров
_bР.
_4340
801 0 _aRU
_bNLR
_gpsbo
801 1 _aRU
_bELAR
_2rusmarc
852 _aNLR
_jDesideratum
942 _cBOOK
980 _aNB